00468nam a2200181 a 4500001001300000003000900013005001700022008004100039020001000080082001800090245002600108260004700134300000800181500003500189505002400224650001100248710002700259nice12345678IN_TiNIC20260116012348.0050524s1987 seca grp 000 0 eng  ac10000a658.1512bBSI aAnnual Report 1986-87 aSecunderabadbBible Society of Indiac1987 a00p aincludes index and biblioraphy2 aList of participant aReport2 aBible Society of India